Elements of applied mechanics / (Record no. 3905)

000 -LEADER
fixed length control field 00386nam a2200145 4500
008 - FIXED-LENGTH DATA ELEMENTS--GENERAL INFORMATION
fixed length control field 200707b ||||| |||| 00| 0 eng d
082 00 - DEWEY DECIMAL CLASSIFICATION NUMBER
Classification number 620.1
Item number J956
100 ## - MAIN ENTRY--PERSONAL NAME
9 (RLIN) 3214
Personal name Junnarkar, S. B.
245 10 - TITLE STATEMENT
Title Elements of applied mechanics /
250 ## - EDITION STATEMENT
Edition statement 12 th rev ed.
260 ## - PUBLICATION, DISTRIBUTION, ETC. (IMPRINT)
Place of publication, distribution, etc anand
Name of publisher, distributor, etc Charotar
Date of publication, distribution, etc 1984
300 ## - PHYSICAL DESCRIPTION
Extent xx, 661 p.
650 #0 - SUBJECT ADDED ENTRY--TOPICAL TERM
Topical term or geographic name as entry element Mechanics
942 ## - ADDED ENTRY ELEMENTS (KOHA)
Source of classification or shelving scheme
Item type Books
Holdings
Withdrawn status Lost status Source of classification or shelving scheme Damaged status Not for loan Permanent location Current location Date acquired Full call number Barcode Date last seen Koha item type
          IMU Kolkata IMU Kolkata 2020-07-07 620.1 J956 07037 2020-07-07 Books
          IMU Kolkata IMU Kolkata 2020-07-07 620.1 J956 07038 2020-07-07 Books
Designed and Maintained by IMU-KC Library, Kolkata Campus © Copyright All Rights Reserved

webs counters

Powered by Koha